[Event "Cracovia 2008 op A"]
[Site "Krakow"]
[Date "2008.12.28"]
[Round "2.23"]
[White "Majdan, Joanna"]
[Black "Starczewska, Dominika"]
[Result "1-0"]
[WhiteElo "2284"]
[BlackElo "1842"]
[PlyCount "73"]
[EventDate "2008.??.??"]

1. e4 c5 2. Nf3 Nc6 3. Bb5 e6 4. Bxc6 bxc6 5. O-O Ne7 6. d3 Ng6 7. Qe2 d5 8. e5
Be7 9. Nc3 O-O 10. Na4 Ba6 11. c4 Qc7 12. Bd2 Rfd8 13. Rfe1 Nf8 14. Rac1 Nd7
15. b3 Rdc8 16. Rc2 Qd8 17. Bc1 Rab8 18. Ba3 Rb7 19. Qd2 Qc7 20. Re2 Rbb8 21.
Qe1 Rb7 22. Rc1 Qd8 23. Rec2 Rbb8 24. Qe3 Qa5 25. g3 h6 26. h4 Rc7 27. Kg2 Bb7
28. Rg1 Rbc8 29. Bc1 d4 30. Qe4 Re8 31. g4 Rcc8 32. g5 hxg5 33. Nxg5 Bxg5 34.
Bxg5 Qc7 35. f4 Kh8 36. Kh3 Rg8 37. Qf3 1-0

[Event "Cracovia 2008 op A"]
[Site "Krakow"]
[Date "2008.12.28"]
[Round "2.24"]
[White "Kanarek, Marcel"]
[Black "Slabek, Grzegorz"]
[Result "0-1"]
[WhiteElo "2458"]
[BlackElo "2192"]
[PlyCount "86"]
[EventDate "2008.??.??"]

1. e4 Nf6 2. e5 Nd5 3. d4 d6 4. Nf3 e6 5. c4 Nb6 6. Nc3 Be7 7. Be2 Nc6 8. exd6
cxd6 9. O-O O-O 10. Be3 f5 11. d5 Ne5 12. Nxe5 dxe5 13. f3 exd5 14. cxd5 Kh8
15. Qb3 Bg5 16. Bf2 Bh4 17. g3 Bg5 18. Rfd1 Qd6 19. Nb5 Qg6 20. Nc7 Rb8 21. Qa3
Bd7 22. Qxa7 Na4 23. Ne6 Bxe6 24. Qxa4 Bg8 25. Qb5 e4 26. Qb6 Qh5 27. Kg2 Rf6
28. Qc7 Rh6 29. h4 Rf8 30. Qc2 Bxh4 31. gxh4 exf3+ 32. Bxf3 Rg6+ 33. Bg3 Qxh4
34. Qf2 f4 35. Rh1 Rxg3+ 36. Kf1 Qf6 37. Rd1 Qa6+ 38. Be2 Qxa2 39. d6 Rg5 40.
Rh4 f3 41. Bd3 Rd5 42. Rd4 Rh5 43. Kg1 Qe6 0-1

[Event "Cracovia 2008 op A"]
[Site "Krakow"]
[Date "2008.12.28"]
[Round "2.25"]
[White "Brodowski, Piotr"]
[Black "Sadzikowski, Daniel"]
[Result "1-0"]
[WhiteElo "2401"]
[BlackElo "2178"]
[PlyCount "79"]
[EventDate "2008.??.??"]

1. c4 Nf6 2. g3 e6 3. Bg2 d5 4. Nf3 Be7 5. b3 O-O 6. O-O c5 7. Bb2 Nc6 8. d3 d4
9. Nbd2 e5 10. a3 Re8 11. Qc2 Bf5 12. Rad1 h6 13. Ne4 Nd7 14. e3 a5 15. Bc1 a4
16. Ned2 Qa5 17. e4 Bg4 18. bxa4 Reb8 19. h3 Bh5 20. g4 Bg6 21. Bb2 Nf8 22. Rb1
Ne6 23. Bc1 Nf4 24. Nb3 Qc3 25. Qa2 Qxd3 26. Bxf4 exf4 27. Rfc1 Rxa4 28. Ne1
Qxc4 29. Rxc4 Rxc4 30. Nd3 Rc3 31. Nxf4 c4 32. Nd2 b5 33. Nd5 Rd3 34. Nxc4 Bf8
35. Ncb6 Rxa3 36. Qb2 b4 37. Nd7 Rb5 38. Nxf8 Kxf8 39. Rc1 Na7 40. Qxd4 1-0

[Event "Cracovia 2008 op A"]
[Site "Krakow"]
[Date "2008.12.28"]
[Round "2.26"]
[White "Sroka, Janusz"]
[Black "Rudolf, Michal"]
[Result "0-1"]
[WhiteElo "2129"]
[BlackElo "2398"]
[PlyCount "104"]
[EventDate "2008.??.??"]

1. e4 c5 2. Nc3 Nc6 3. d3 g6 4. g3 Bg7 5. Bg2 d6 6. Nf3 e6 7. O-O Nge7 8. Be3
Nd4 9. Qd2 O-O 10. Nh4 Rb8 11. Nd1 b5 12. c3 Ndc6 13. Bh6 b4 14. Bxg7 Kxg7 15.
Ne3 e5 16. f4 f6 17. Kh1 bxc3 18. bxc3 Be6 19. f5 Bd7 20. fxg6 hxg6 21. Rf2 Rb5
22. Raf1 Qb8 23. Qe2 Rb1 24. Rxb1 Qxb1+ 25. Rf1 Qb8 26. Bf3 Qc8 27. Nc4 Bh3 28.
Bg2 Bxg2+ 29. Kxg2 Qe6 30. Rb1 d5 31. Ne3 Rd8 32. Rb7 Rd7 33. Rxd7 Qxd7 34. Qg4
Qxg4 35. Nxg4 c4 36. dxc4 dxe4 37. Ne3 Nc8 38. c5 N8e7 39. c4 Nd4 40. Nd5 Nec6
41. Kf2 Ne6 42. Ke3 Nxc5 43. g4 Na5 44. Ne7 Nxc4+ 45. Ke2 g5 46. Nhf5+ Kf7 47.
Nc6 a6 48. Nh6+ Ke6 49. Nf5 Nd3 50. Nd8+ Kd7 51. Nf7 Nc1+ 52. Kf2 Nxa2 0-1

[Event "Cracovia 2008 op A"]
[Site "Krakow"]
[Date "2008.12.28"]
[Round "2.27"]
[White "Marszalek, Maciej"]
[Black "Skawinski, Arkadiusz"]
[Result "1-0"]
[WhiteElo "2383"]
[BlackElo "2154"]
[PlyCount "47"]
[EventDate "2008.??.??"]

1. c4 d5 2. cxd5 Nf6 3. d4 c6 4. dxc6 Nxc6 5. Nf3 Bg4 6. e3 e5 7. Be2 exd4 8.
exd4 Bb4+ 9. Nc3 O-O 10. O-O Qa5 11. Be3 Rfd8 12. h3 Bxf3 13. Bxf3 Bxc3 14.
bxc3 Qxc3 15. Rc1 Qb2 16. Rc2 Qa3 17. Qd2 Nd5 18. Rb1 Ncb4 19. Rb3 Qa4 20. Rcb2
a5 21. a3 Nxe3 22. fxe3 Nd5 23. Rb5 Qc4 24. Rc5 1-0

[Event "Cracovia 2008 op A"]
[Site "Krakow"]
[Date "2008.12.28"]
[Round "2.28"]
[White "Picard, Romain"]
[Black "Barski, Radoslaw"]
[Result "1/2-1/2"]
[WhiteElo "2371"]
[BlackElo "2143"]
[PlyCount "51"]
[EventDate "2008.??.??"]

1. e4 e5 2. Nf3 Nc6 3. Bc4 Nf6 4. d3 Be7 5. O-O O-O 6. Re1 d6 7. a4 Kh8 8. Nc3
Nd4 9. Nxd4 exd4 10. Ne2 c5 11. c3 dxc3 12. Nxc3 Be6 13. Bf4 Nd7 14. Bg3 Ne5
15. Bxe5 dxe5 16. Qb3 Qd7 17. Bd5 Rab8 18. Qb5 Qd6 19. a5 a6 20. Qc4 Bd7 21.
Ra3 b5 22. axb6 Rxb6 23. Rea1 Bc8 24. Rb3 Rb4 25. Rxb4 cxb4 26. Nd1 1/2-1/2

[Event "Cracovia 2008 op A"]
[Site "Krakow"]
[Date "2008.12.28"]
[Round "2.29"]
[White "Machlowski, Slawomir"]
[Black "Gumula, Daniel"]
[Result "0-1"]
[WhiteElo "2154"]
[BlackElo "2351"]
[PlyCount "62"]
[EventDate "2008.??.??"]

1. g3 d5 2. Nf3 Nf6 3. Bg2 c6 4. c4 e6 5. cxd5 exd5 6. O-O Bg4 7. d3 Bc5 8. Qc2
Nbd7 9. Nc3 O-O 10. e4 Re8 11. h3 Bh5 12. Nh4 dxe4 13. dxe4 Ne5 14. Na4 Bd4 15.
Kh1 b5 16. Nc3 Bxc3 17. Qxc3 Qd3 18. g4 Bg6 19. f4 Bxe4 20. Be3 Qxc3 21. bxc3
Bxg2+ 22. Nxg2 Nc4 23. Bd4 Ne4 24. Rf3 Ncd2 25. Rd3 Rad8 26. Ne1 c5 27. Bg1
Rxd3 28. Nxd3 c4 29. Nb4 Nxc3 30. Bxa7 Re2 31. Kg1 Nce4 0-1

[Event "Cracovia 2008 op A"]
[Site "Krakow"]
[Date "2008.12.28"]
[Round "2.30"]
[White "Kumor, Lukasz"]
[Black "Rutkowski, Maciej"]
[Result "0-1"]
[WhiteElo "2105"]
[BlackElo "2336"]
[PlyCount "136"]
[EventDate "2008.??.??"]

1. e4 c5 2. Nf3 Nc6 3. d4 cxd4 4. Nxd4 g6 5. Nc3 Bg7 6. Be3 Nf6 7. f3 O-O 8.
Qd2 d5 9. O-O-O dxe4 10. Nxc6 Qxd2+ 11. Bxd2 bxc6 12. Nxe4 Nxe4 13. fxe4 Bg4
14. Re1 Be6 15. Kb1 Rfb8 16. e5 a5 17. Bd3 Rd8 18. Bc3 Bd5 19. Re2 e6 20. h4
Bf8 21. h5 Bb4 22. Be1 Bc4 23. hxg6 fxg6 24. Bxb4 Bxd3 25. cxd3 axb4 26. Rc2
Ra6 27. Rc4 Rda8 28. Rxb4 Rxa2 29. Kc2 R8a7 30. Rb6 R2a5 31. d4 c5 32. Rxe6
cxd4 33. Kd3 Rb5 34. Kxd4 Rxb2 35. Re8+ Kg7 36. Rf1 Rxg2 37. e6 Re2 38. Kd5 h5
39. Kd6 Ra6+ 40. Kd7 Ra7+ 41. Kd6 h4 42. e7 h3 43. Rh1 Ra3 44. Rd8 Rd3+ 45. Kc5
Rde3 46. Kd4 Re4+ 47. Kd3 R2e3+ 48. Kd2 Rxe7 49. Rd7 Kf6 50. Rxe7 Rxe7 51. Rxh3
Kf5 52. Rh8 g5 53. Rf8+ Kg4 54. Rg8 Kf4 55. Rf8+ Kg3 56. Rg8 g4 57. Rg6 Kf3 58.
Rf6+ Kg2 59. Rg6 g3 60. Rg8 Kf2 61. Rf8+ Kg1 62. Rg8 g2 63. Rg6 Re5 64. Rg8 Kf2
65. Rf8+ Kg3 66. Rg8+ Kf3 67. Rg7 Re4 68. Rf7+ Rf4 0-1

[Event "Cracovia 2008 op A"]
[Site "Krakow"]
[Date "2008.12.28"]
[Round "2.31"]
[White "Samojlov, Anton"]
[Black "Hermanowicz, Dominika"]
[Result "1-0"]
[WhiteElo "2331"]
[BlackElo "2084"]
[PlyCount "61"]
[EventDate "2008.??.??"]

1. Nf3 d5 2. d4 e6 3. c4 c5 4. e3 Nc6 5. Nc3 Nf6 6. cxd5 exd5 7. Bb5 a6 8. Be2
Bd6 9. dxc5 Bxc5 10. O-O O-O 11. a3 d4 12. exd4 Nxd4 13. Nxd4 Bxd4 14. Qc2 Qb6
15. Na4 Qa7 16. Bd2 b5 17. Nc3 Bb7 18. Qf5 Rae8 19. Bd3 Re5 20. Qf4 Rh5 21.
Rae1 Rd8 22. Re2 Bxc3 23. Bxc3 Rxd3 24. Rfe1 Rd8 25. Bxf6 gxf6 26. Qxf6 Qb8 27.
h3 Qc8 28. Re3 h6 29. h4 Be4 30. Rxe4 Rf8 31. R4e3 1-0

[Event "Cracovia 2008 op A"]
[Site "Krakow"]
[Date "2008.12.28"]
[Round "2.32"]
[White "Sliwerski, Radoslaw"]
[Black "Miroslaw, Michal"]
[Result "0-1"]
[WhiteElo "2120"]
[BlackElo "2323"]
[PlyCount "62"]
[EventDate "2008.??.??"]

1. d4 d5 2. c4 e5 3. dxe5 d4 4. Nf3 Nc6 5. g3 Nge7 6. Bg2 Ng6 7. Bg5 Qd7 8. e6
fxe6 9. O-O Bc5 10. Nbd2 a5 11. Ne4 Ba7 12. a3 Nce5 13. c5 Nxf3+ 14. Bxf3 O-O
15. Bg2 c6 16. b4 Bb8 17. Qb3 Qf7 18. b5 Bd7 19. a4 Be5 20. Ra2 b6 21. bxc6
Bxc6 22. Qxb6 Bd5 23. Nd6 Qd7 24. Bxd5 exd5 25. Qb5 Qe6 26. Nb7 h6 27. Bc1 Bc7
28. c6 Kh8 29. Nc5 Qh3 30. e4 Rf3 31. Qb7 Nh4 0-1

[Event "Cracovia 2008 op A"]
[Site "Krakow"]
[Date "2008.12.28"]
[Round "2.33"]
[White "Stoma, Pawel"]
[Black "Musialkiewicz, Jan"]
[Result "1-0"]
[WhiteElo "2268"]
[BlackElo "2117"]
[PlyCount "75"]
[EventDate "2008.??.??"]

1. e4 c5 2. Nc3 e6 3. Nf3 Nc6 4. d4 cxd4 5. Nxd4 Qc7 6. Be2 a6 7. O-O Nf6 8.
Be3 Bb4 9. Na4 Be7 10. Nxc6 bxc6 11. Qd4 Rb8 12. c4 Rb4 13. Nc3 d5 14. a3 e5
15. Qd2 Rxc4 16. Bxc4 dxc4 17. h3 O-O 18. Qc2 Be6 19. Na4 c5 20. Rad1 Rb8 21.
Nc3 Qb7 22. Rd2 Qb3 23. Rfd1 Kf8 24. Nd5 Bxd5 25. exd5 Bd6 26. Rc1 Qxc2 27.
Rcxc2 Rxb2 28. Rxb2 c3 29. Rb6 cxd2 30. Bxd2 Ke7 31. Bg5 c4 32. Rxa6 c3 33. a4
e4 34. Bxf6+ gxf6 35. Rc6 Be5 36. a5 Kd7 37. a6 Bd4 38. Rxc3 1-0

[Event "Cracovia 2008 op A"]
[Site "Krakow"]
[Date "2008.12.28"]
[Round "2.34"]
[White "Gawronski, Lukasz"]
[Black "Soozankar, A.M."]
[Result "0-1"]
[WhiteElo "2066"]
[BlackElo "2264"]
[PlyCount "86"]
[EventDate "2008.??.??"]

1. d4 Nf6 2. Bg5 Ne4 3. Bf4 d5 4. e3 Bf5 5. f3 Nf6 6. c4 c6 7. Nc3 e6 8. g4 Bg6
9. h4 h5 10. g5 Ng8 11. Qb3 Qb6 12. Qxb6 axb6 13. cxd5 exd5 14. e4 Bb4 15. exd5
cxd5 16. Bxb8 Rxb8 17. Bb5+ Ke7 18. Nge2 Kd6 19. Kf2 Ne7 20. Ba4 Ra8 21. Bb3
Rhc8 22. Nb5+ Kd7 23. Nf4 Ra5 24. Nxg6 Nxg6 25. Rac1 Rc6 26. Nc3 Bxc3 27. Rxc3
Ne7 28. Ke3 Kd6 29. Re1 Nf5+ 30. Kd3 Nxh4 31. Rh1 Nxf3 32. Rxh5 g6 33. Rh8 Nxg5
34. Rd8+ Ke6 35. Re8+ Kd7 36. Re5 Ne4 37. Rc2 Rxc2 38. Kxc2 Nf6 39. Kd3 Kd6 40.
a3 Ra8 41. Bd1 Rh8 42. Kc3 Rh3+ 43. Kb4 Rd3 0-1

[Event "Cracovia 2008 op A"]
[Site "Krakow"]
[Date "2008.12.28"]
[Round "2.35"]
[White "Klim, Kamil"]
[Black "Gluszko, Monika"]
[Result "1-0"]
[WhiteElo "2249"]
[BlackElo "1901"]
[PlyCount "57"]
[EventDate "2008.??.??"]

1. Nf3 Nf6 2. c4 g6 3. Nc3 d5 4. cxd5 Nxd5 5. Qa4+ Bd7 6. Qb3 Bc6 7. Ne5 e6 8.
d4 Bg7 9. e4 Nxc3 10. Nxc6 Nxc6 11. bxc3 O-O 12. Ba3 Re8 13. Be2 Na5 14. Qa4 b6
15. O-O c6 16. Rfd1 b5 17. Qc2 Nb7 18. Rab1 Qf6 19. e5 Qd8 20. Bf3 Qc7 21. c4
bxc4 22. Qxc4 Na5 23. Qa4 Bf8 24. Bd6 Bxd6 25. exd6 Qd8 26. Rdc1 e5 27. Rc5 Rb8
28. Rxb8 Qxb8 29. Rxa5 1-0

[Event "Cracovia 2008 op A"]
[Site "Krakow"]
[Date "2008.12.28"]
[Round "2.36"]
[White "Nasuta, Grzegorz"]
[Black "Tokarski, Bartosz"]
[Result "0-1"]
[WhiteElo "2081"]
[BlackElo "2249"]
[PlyCount "54"]
[EventDate "2008.??.??"]

1. e4 c5 2. Nf3 d6 3. d4 cxd4 4. Nxd4 Nf6 5. Nc3 a6 6. f4 e6 7. Bd3 Be7 8. O-O
O-O 9. Kh1 Nbd7 10. Qf3 Nc5 11. f5 e5 12. Nb3 b5 13. Bg5 Bb7 14. Rad1 Qc7 15.
Bxf6 Bxf6 16. Nd5 Bxd5 17. exd5 e4 18. Bxe4 Nxe4 19. Qxe4 Rfe8 20. Qf4 Bxb2 21.
Nd4 Bxd4 22. Rxd4 Qxc2 23. h3 Re2 24. Qg3 Rae8 25. f6 g6 26. Rdd1 Kh8 27. Rde1
Qe4 0-1

[Event "Cracovia 2008 op A"]
[Site "Krakow"]
[Date "2008.12.28"]
[Round "2.37"]
[White "Duda, Jan-Krzysztof"]
[Black "Kalvaitis, Sigitas"]
[Result "1-0"]
[WhiteElo "2013"]
[BlackElo "2230"]
[PlyCount "75"]
[EventDate "2008.??.??"]

1. e4 Nf6 2. e5 Nd5 3. d4 d6 4. Nf3 Bf5 5. Bd3 Bxd3 6. Qxd3 Qd7 7. O-O e6 8. a3
Be7 9. Nbd2 c5 10. Ne4 cxd4 11. exd6 Bxd6 12. Nxd6+ Qxd6 13. Qxd4 Nc6 14. Qxg7
O-O-O 15. Qg3 e5 16. c4 Nf4 17. Bxf4 exf4 18. Qh3+ Kb8 19. b4 Rhg8 20. Kh1 Rg6
21. c5 Qd5 22. Qh4 Ka8 23. Qxf4 Rdg8 24. Rfd1 Qb3 25. g3 Qb2 26. Kg2 Rf6 27.
Qd2 Qb3 28. Qd3 Qe6 29. Re1 Qg4 30. Re4 Qg6 31. Rae1 Rd8 32. Qb3 Qf5 33. b5 Nb8
34. Rf4 Qg6 35. Ne5 Qg7 36. Rxf6 Qxf6 37. Qxf7 Qh6 38. c6 1-0

[Event "Cracovia 2008 op A"]
[Site "Krakow"]
[Date "2008.12.28"]
[Round "2.38"]
[White "Golek, Jagoda"]
[Black "Kulon, Klaudia"]
[Result "0-1"]
[WhiteElo "2028"]
[BlackElo "2228"]
[PlyCount "73"]
[EventDate "2008.??.??"]

1. e4 c5 2. Nf3 d6 3. c4 Bg4 4. Be2 Nc6 5. Nc3 g6 6. d3 Bg7 7. O-O Nf6 8. Be3
Nd7 9. Qd2 O-O 10. Rab1 Re8 11. Ne1 Bxe2 12. Nxe2 a6 13. d4 cxd4 14. Nxd4 Nce5
15. Qe2 Qc8 16. b3 Nc5 17. f3 f5 18. exf5 gxf5 19. Qd2 Nf7 20. Nd3 e5 21. Ne2
Nxd3 22. Qxd3 f4 23. Bf2 Re6 24. Nc3 Rg6 25. g4 fxg3 26. Bxg3 Qh3 27. Rf2 Kh8
28. Ne4 Rg8 29. Rbb2 h5 30. Rg2 Bh6 31. Nf2 Qe6 32. Ne4 Nd8 33. Bh4 Qh3 34. Bg3
h4 35. Nf2 Qe6 36. Ng4 e4 37. Qe2 0-1

[Event "Cracovia 2008 op A"]
[Site "Krakow"]
[Date "2008.12.28"]
[Round "2.39"]
[White "Galyga, Zbigniew"]
[Black "Deriabina, Svetlana"]
[Result "0-1"]
[WhiteElo "2204"]
[BlackElo "2066"]
[PlyCount "64"]
[EventDate "2008.??.??"]

1. d4 d5 2. Nf3 Nf6 3. c4 dxc4 4. e3 e6 5. Bxc4 a6 6. O-O b5 7. Bd3 Bb7 8. a4
b4 9. Nbd2 c5 10. Qe2 cxd4 11. exd4 Be7 12. Rd1 O-O 13. Nc4 Nc6 14. Bf4 b3 15.
Rac1 Nb4 16. Bb1 Nbd5 17. Be5 Bc6 18. Ng5 Bxa4 19. Rd3 g6 20. Rg3 Rc8 21. Qd2
Nh5 22. Nxe6 fxe6 23. Qh6 Ndf4 24. Rxg6+ Kf7 25. Bxf4 Nxf4 26. Rg7+ Ke8 27.
Qxh7 Ne2+ 28. Kh1 Nxc1 29. Bg6+ Kd7 30. Nb6+ Qxb6 31. Rxe7+ Kd6 32. Rd7+ Bxd7
0-1

[Event "Cracovia 2008 op A"]
[Site "Krakow"]
[Date "2008.12.28"]
[Round "2.40"]
[White "Hansen, Victor"]
[Black "Orzech, Dominik"]
[Result "0-1"]
[WhiteElo "2112"]
[BlackElo "2462"]
[PlyCount "78"]
[EventDate "2008.??.??"]

1. e4 c6 2. d4 d5 3. Nd2 dxe4 4. Nxe4 Nd7 5. Nf3 Ngf6 6. Nxf6+ Nxf6 7. Bd3 Bg4
8. c3 Qd5 9. O-O Bxf3 10. Qxf3 Qxf3 11. gxf3 e6 12. Bf4 Nd5 13. Be5 O-O-O 14.
Rfc1 Bd6 15. Bg3 g5 16. c4 Bxg3 17. hxg3 Nb4 18. Bf1 Rxd4 19. a3 Na6 20. b4 h5
21. Rc3 Rhd8 22. Re1 Nc7 23. a4 Rd2 24. b5 Rd1 25. Rce3 R8d2 26. Rxd1 Rxd1 27.
Re5 f6 28. Rc5 e5 29. bxc6 b6 30. Rb5 Nxb5 31. cxb5 Kc7 32. Kg2 Rd4 33. Be2
Rxa4 34. Bd3 h4 35. Bf1 hxg3 36. Kxg3 a5 37. bxa6 Kxc6 38. f4 gxf4+ 39. Kg4 b5
0-1

[Event "Cracovia 2008 op A"]
[Site "Krakow"]
[Date "2008.12.28"]
[Round "2.41"]
[White "Bulski, Krzysztof"]
[Black "Kupczyk, Edyta"]
[Result "1-0"]
[WhiteElo "2392"]
[BlackElo "2123"]
[PlyCount "89"]
[EventDate "2008.??.??"]

1. e4 c5 2. Nc3 Nc6 3. Nge2 Nf6 4. d4 cxd4 5. Nxd4 d6 6. Bg5 Qb6 7. Bxf6 gxf6
8. Nb3 e6 9. Qd2 a6 10. O-O-O Qc7 11. Kb1 b5 12. Bxb5 axb5 13. Nxb5 Qb8 14.
Nxd6+ Bxd6 15. Qxd6 Qxd6 16. Rxd6 Na5 17. Rhd1 Ke7 18. Nc5 Rb8 19. b3 Rg8 20.
g3 Rb5 21. Na4 f5 22. exf5 Rxf5 23. f4 h5 24. Nb6 Bb7 25. Rd7+ Kf6 26. Rc7 Rb5
27. Nd7+ Kf5 28. c4 Be4+ 29. Kb2 Nxc4+ 30. Rxc4 Bd5 31. Rc3 h4 32. Ne5 f6 33.
Nf7 Kg6 34. Nd6 Rb6 35. Nc4 Ra6 36. Ne3 Rga8 37. a4 Be4 38. Rd4 f5 39. Rd7 hxg3
40. hxg3 Rh8 41. Nc4 Rh2+ 42. Ka3 Bb1 43. Nd2 Be4 44. Nxe4 fxe4 45. Re3 1-0

[Event "Cracovia 2008 op A"]
[Site "Krakow"]
[Date "2008.12.28"]
[Round "2.42"]
[White "Pipala, Janusz"]
[Black "Tokarski, Lukasz"]
[Result "0-1"]
[WhiteElo "2086"]
[BlackElo "2302"]
[PlyCount "72"]
[EventDate "2008.??.??"]

1. d4 Nf6 2. Nf3 g6 3. Bf4 Bg7 4. c3 O-O 5. Nbd2 d6 6. e4 Nbd7 7. Bd3 e5 8. Bg5
h6 9. Bh4 Qe8 10. Qc2 Nh5 11. O-O-O Nf4 12. Bf1 Rb8 13. Bg3 Ne6 14. Nc4 b5 15.
Na5 Rb6 16. dxe5 dxe5 17. Rd5 c6 18. Nxc6 Rxc6 19. Bxb5 Rc5 20. Rhd1 Rxd5 21.
exd5 Nc7 22. Bc6 f5 23. d6 Na6 24. h4 Nab8 25. Bd5+ Kh8 26. Qa4 a6 27. c4 Qd8
28. Qc2 Qb6 29. Qc3 f4 30. Bh2 e4 31. Nd4 Nc5 32. b3 Nbd7 33. Qc2 Nd3+ 34. Rxd3
exd3 35. Qxd3 Qxd4 36. Qxg6 Ne5 0-1

[Event "Cracovia 2008 op A"]
[Site "Krakow"]
[Date "2008.12.28"]
[Round "2.43"]
[White "Shilov, Sergej"]
[Black "Swiech, Przemyslaw"]
[Result "1-0"]
[WhiteElo "2229"]
[BlackElo "2119"]
[PlyCount "43"]
[EventDate "2008.??.??"]

1. e4 c5 2. b3 Nc6 3. Bb2 e5 4. f4 d6 5. Bb5 Bd7 6. Nf3 exf4 7. O-O Nge7 8. Nc3
Ne5 9. d4 Nxf3+ 10. Qxf3 Ng6 11. Bxd7+ Qxd7 12. Nd5 Be7 13. dxc5 O-O 14. Rad1
Bg5 15. cxd6 Kh8 16. Nc7 Rad8 17. e5 Qf5 18. Qd3 Qg4 19. h3 Qd7 20. Qd5 f3 21.
Qxf3 Bf4 22. Qh5 1-0

[Event "Cracovia 2008 op A"]
[Site "Krakow"]
[Date "2008.12.28"]
[Round "2.44"]
[White "Jakubiec, Edyta"]
[Black "Kucypera, Malgorzata"]
[Result "1-0"]
[WhiteElo "2214"]
[BlackElo "2111"]
[PlyCount "203"]
[EventDate "2008.??.??"]

1. e4 c5 2. Nf3 Nc6 3. d4 cxd4 4. Nxd4 Nf6 5. Nc3 d6 6. Bg5 Qb6 7. Nb3 e6 8.
Qd2 Be7 9. Bxf6 gxf6 10. Nb5 d5 11. exd5 exd5 12. Qf4 Ne5 13. Qd4 Qc6 14. Nc3
a6 15. Nxd5 Bf5 16. Nxe7 Kxe7 17. Qb4+ Ke8 18. c3 Rd8 19. f3 Nxf3+ 20. gxf3
Qxf3 21. Nd4 Qe4+ 22. Kf2 Qf4+ 23. Nf3 Rd2+ 24. Be2 Be4 25. Qxe4+ Qxe4 26. Nxd2
Qf4+ 27. Nf3 Kd7 28. Rad1+ Kc8 29. Rd4 Qf5 30. Bd3 Qc5 31. Re1 Rg8 32. Bxh7 Rh8
33. Bd3 Kb8 34. Re2 Qh5 35. Re7 Qc5 36. Rxf7 Re8 37. Rfd7 Qb6 38. Bg6 Qxb2+ 39.
Nd2 Re5 40. Rb4 Qxc3 41. Rbxb7+ Kc8 42. Rbc7+ Qxc7 43. Rxc7+ Kxc7 44. h4 Kd7
45. Nc4 Rc5 46. Ne3 Ke7 47. Bd3 Ra5 48. Bc4 f5 49. Kf3 Kf6 50. Bb3 Rc5 51. Kf4
Rb5 52. Nd5+ Kg6 53. h5+ Kxh5 54. Kxf5 a5 55. Ke5 Kg4 56. Bd1+ Kg3 57. a4 Rb1
58. Nc3 Rb4 59. Nd5 Rb1 60. Bc2 Rb2 61. Bd3 Ra2 62. Bb5 Kf3 63. Kd4 Ra1 64. Nb6
Rd1+ 65. Bd3 Ra1 66. Be4+ Kf4 67. Bc6 Rd1+ 68. Kc5 Rc1+ 69. Nc4 Kf5 70. Kb5 Ra1
71. Nxa5 Rxa4 72. Kxa4 Ke5 73. Kb5 Kd4 74. Nc4 Kd3 75. Kc5 Kc3 76. Be4 Kb3 77.
Nd2+ Kc3 78. Nf3 Kb3 79. Bd3 Kc3 80. Bc4 Kb2 81. Kb4 Kc2 82. Be2 Kb2 83. Bd3
Kc1 84. Kc3 Kd1 85. Nd4 Ke1 86. Nf5 Kf2 87. Be4 Ke2 88. Kc2 Ke1 89. Bf3 Kf2 90.
Bg4 Ke1 91. Kd3 Kf2 92. Kd2 Kf1 93. Ke3 Ke1 94. Nd4 Kf1 95. Nc2 Kg2 96. Kf4 Kf2
97. Bf3 Kf1 98. Kg3 Kg1 99. Be2 Kh1 100. Bf1 Kg1 101. Bh3 Kh1 102. Nd4 1-0

[Event "Cracovia 2008 op A"]
[Site "Krakow"]
[Date "2008.12.28"]
[Round "2.45"]
[White "Klekowski, Maciej"]
[Black "Vasylius, Kestutis"]
[Result "1/2-1/2"]
[WhiteElo "2201"]
[BlackElo "2105"]
[PlyCount "108"]
[EventDate "2008.??.??"]

1. e4 c5 2. Nf3 d6 3. d4 cxd4 4. Nxd4 Nf6 5. Nc3 a6 6. Be2 e6 7. Be3 Be7 8. O-O
O-O 9. f4 Nc6 10. Bf3 Qc7 11. Qe2 Na5 12. Rad1 Nc4 13. Bc1 Bd7 14. b3 Na5 15.
Bb2 Nc6 16. Nxc6 Bxc6 17. Kh1 b5 18. e5 Ne8 19. exd6 Bxd6 20. Bxc6 Qxc6 21. Ne4
Rd8 22. Ba3 Qb6 23. Qf2 Qc7 24. Bb2 Be7 25. Rxd8 Qxd8 26. Qa7 Nd6 27. Qd4 Nf5
28. Qe5 Qb8 29. Qxb8 Rxb8 30. Rd1 Rd8 31. Rxd8+ Bxd8 32. c4 bxc4 33. bxc4 Ne3
34. c5 Nc4 35. Bc3 Bc7 36. g3 e5 37. f5 Kf8 38. c6 a5 39. g4 Ke7 40. Kg2 Bd6
41. Kf3 Bb4 42. Bxb4+ axb4 43. Ke2 Na5 44. c7 Kd7 45. Nd6 Kxc7 46. Nxf7 b3 47.
axb3 Nxb3 48. Nxe5 Kd6 49. Nf3 h6 50. Ke3 Nc5 51. h4 Kd5 52. g5 hxg5 53. hxg5
Ne4 54. Kf4 Nc5 1/2-1/2

[Event "Cracovia 2008 op A"]
[Site "Krakow"]
[Date "2008.12.28"]
[Round "2.46"]
[White "Muter, Donny"]
[Black "Demidowicz, Maria"]
[Result "0-1"]
[WhiteElo "2190"]
[BlackElo "2093"]
[PlyCount "66"]
[EventDate "2008.??.??"]

1. d4 Nf6 2. Nf3 g6 3. c4 Bg7 4. Nc3 O-O 5. e4 d6 6. Bg5 c5 7. d5 Qa5 8. Nd2 e6
9. Be2 exd5 10. cxd5 Bd7 11. a4 Re8 12. O-O Na6 13. Re1 Nb4 14. h3 Qc7 15. Bf4
Bf8 16. Bh2 b6 17. f4 a6 18. Qb3 Qb7 19. Bf3 b5 20. axb5 axb5 21. e5 dxe5 22.
fxe5 c4 23. Nxc4 bxc4 24. Qxc4 Nc2 25. Rxa8 Nxe1 26. Ra6 Nxf3+ 27. gxf3 Rc8 28.
Qa2 Nh5 29. Kg2 Rb8 30. Nd1 Qb5 31. b4 Bxh3+ 32. Kxh3 Qf1+ 33. Kg4 Rxb4+ 0-1

[Event "Cracovia 2008 op A"]
[Site "Krakow"]
[Date "2008.12.28"]
[Round "2.47"]
[White "Kielczewski, Krzysztof"]
[Black "Hansen, Knut"]
[Result "0-1"]
[WhiteElo "2185"]
[BlackElo "2076"]
[PlyCount "104"]
[EventDate "2008.??.??"]

1. f4 d5 2. Nf3 Nf6 3. g3 g6 4. Bg2 Bg7 5. d3 O-O 6. O-O c5 7. Nc3 Nc6 8. e4
Bg4 9. e5 Ne8 10. h3 Bxf3 11. Qxf3 e6 12. Qf2 b6 13. Nd1 Rc8 14. c3 f6 15. exf6
Bxf6 16. Qe2 Nc7 17. Nf2 Qd6 18. Ng4 Bg7 19. Bd2 Rce8 20. Rae1 Rf5 21. Ne3 Rff8
22. Qg4 Ne7 23. h4 Nf5 24. h5 gxh5 25. Nxf5 Rxf5 26. Qf3 Ref8 27. Bh3 R5f6 28.
Kg2 Qc6 29. Qxh5 Qb5 30. Bxe6+ Nxe6 31. Qxd5 Rd8 32. Qe4 Qxd3 33. Bc1 Qxe4+ 34.
Rxe4 Nf8 35. g4 Re6 36. Ra4 a5 37. f5 Rc6 38. Re4 h6 39. a4 Kf7 40. Rc4 Nh7 41.
Be3 Ng5 42. Rc1 Bf8 43. b4 Rd3 44. Kf2 axb4 45. cxb4 Ra3 46. bxc5 Bxc5 47. Bxc5
bxc5 48. Kg2 Rd6 49. Rxc5 Rd2+ 50. Kf1 Rxa4 51. R5c3 Kf6 52. Rc4 Ke5 0-1

[Event "Cracovia 2008 op A"]
[Site "Krakow"]
[Date "2008.12.28"]
[Round "2.48"]
[White "Baumann, Dariusz"]
[Black "Zysko, Jan"]
[Result "0-1"]
[WhiteElo "2074"]
[BlackElo "2185"]
[PlyCount "82"]
[EventDate "2008.??.??"]

1. e4 c5 2. Nf3 d6 3. d4 cxd4 4. Nxd4 Nf6 5. Nc3 Nc6 6. Bc4 e6 7. Bb3 Be7 8.
O-O O-O 9. f4 a6 10. f5 e5 11. Nde2 b5 12. a3 b4 13. axb4 Nxb4 14. Bg5 Ng4 15.
Bxe7 Qxe7 16. Qe1 Bb7 17. Rf3 Nf6 18. Qh4 d5 19. g4 d4 20. Nd1 Qc5 21. Nf2 Nxe4
22. Rh3 h6 23. Nxe4 Bxe4 24. Qf2 Qd6 25. Ng3 Bb7 26. Re1 d3 27. c3 d2 28. Rd1
Nd3 29. Qxd2 Qb6+ 30. Kf1 Nf4 31. Rh4 Bg2+ 32. Qxg2 Nxg2 33. Kxg2 Qxb3 34. Rd2
Rad8 35. Rf2 f6 36. Rh5 Rd6 37. h4 Rfd8 38. Ne4 Qb7 39. Re2 Rd2 40. Rxd2 Qxe4+
41. Kf2 Rxd2+ 0-1

[Event "Cracovia 2008 op A"]
[Site "Krakow"]
[Date "2008.12.28"]
[Round "2.49"]
[White "Dragun, Kamil"]
[Black "Motor, Marta"]
[Result "1-0"]
[WhiteElo "2174"]
[BlackElo "2065"]
[PlyCount "109"]
[EventDate "2008.??.??"]

1. e4 c5 2. Nf3 a6 3. Nc3 Nc6 4. d4 cxd4 5. Nxd4 d6 6. Be3 Nf6 7. f3 Qc7 8. Qd2
e6 9. O-O-O Be7 10. g4 b5 11. Nxc6 Qxc6 12. Kb1 b4 13. Ne2 d5 14. Nd4 Qc7 15.
g5 Nh5 16. exd5 exd5 17. f4 Bg4 18. Be2 Bxe2 19. Qxe2 g6 20. Nf5 Qd7 21. Ng3
Nxg3 22. hxg3 Qe6 23. Qf2 O-O-O 24. Rhe1 Qc6 25. Rd3 Rd7 26. c3 Qc4 27. Rd4 Qb5
28. cxb4 Bxb4 29. Rc1+ Kb8 30. f5 Rb7 31. Ka1 Re8 32. Bf4+ Ka8 33. Qc2 Re2 34.
Qb3 Qb6 35. Rxd5 Qf2 36. Qd3 Ka7 37. Be5 Rxe5 38. Rxe5 Ba5 39. Qc2 Qb6 40. f6
Bb4 41. Qb3 Qd4 42. Rd5 Qf2 43. Qd3 Bd6 44. Qd4+ Qxd4 45. Rxd4 Bxg3 46. Rh1 Be5
47. Rd2 Bf4 48. Rg2 Rd7 49. a3 Rd5 50. Rxh7 Bxg5 51. Rxf7+ Kb6 52. Rf8 Rf5 53.
f7 Be7 54. Rxg6+ Kb7 55. Rfg8 1-0